River General Knowledge - Statistics

General Stats
  • This quiz has been taken 14 times
  • The average score is 14 of 15
Answer Stats
Hint Answer % Correct
Largest river in the world in terms of volume. Amazon River
100%
European river where four capitals are. Danube River
100%
River that starts in New Orleans. Mississippi River
100%
Name one of the Mesopotamian Rivers. Tigris | Euphrates
100%
Russian river starting with V. Volga River
100%
The river with the most people in its drainage basin. Ganges | Brahmaputra
90%
Longest Australian river. Murray River
90%
Main river of Paris. Seine
90%
River very close to Vatican City. Tiber
90%
Where the Mekong River Delta is. Vietnam
90%
Zambia was named after this river. Zambezi River
90%
City on the Nile River Delta. Alexandria
80%
New York City river. Hudson River
80%
Long river mainly situated in Pakistan. Indus River
80%
Longest river in Alaska Yukon River
70%
No matching quizzes found
Score Distribution
Percent of People with Each Score
Percentile by Number Answered
Your Score History
You have not taken this quiz